[Event "Najdorf Memorial B"]
[Site "Warsaw POL"]
[Date "2021.07.12"]
[Round "3.18"]
[White "Goral, Jan"]
[Black "Leszczewicz, Karol"]
[Result "1-0"]
[WhiteElo "1707"]
[BlackElo "1400"]
[EventDate "2021.07.10"]
[PlyCount "99"]
[LiveChessVersion "1.4.8"]

1.Nf3 {[%clk 1:30:55]} 1...Nf6 {[%clk 1:30:47]} 2.d4 {[%clk 1:31:05]} 2...e6 
{[%clk 1:31:07]} 3.g3 {[%clk 1:30:46]} 3...b6 {[%clk 1:29:55]} 4.Bg2 {[%clk
1:30:49]} 4...Bb7 {[%clk 1:30:17]} 5.O-O {[%clk 1:31:02]} 5...Be7 {[%clk
1:30:40]} 6.c4 {[%clk 1:30:13]} 6...O-O {[%clk 1:30:39]} 7.Nbd2 {[%clk 1:28:28]} 
7...d5 {[%clk 1:27:50]} 8.b3 {[%clk 1:18:48]} 8...Nbd7 {[%clk 1:25:17]} 9.Bb2 
{[%clk 1:18:07]} 9...c5 {[%clk 1:24:34]} 10.e3 {[%clk 1:12:02]} 10...Rc8 {[%clk
1:18:32]} 11.Qe2 {[%clk 1:10:22]} 11...Re8 {[%clk 1:15:36]} 12.Rfd1 {[%clk
1:06:24]} 12...Bd6 {[%clk 1:03:56]} 13.Ne5 {[%clk 1:01:29]} 13...Qc7 {[%clk
1:03:33]} 14.Ndf3 {[%clk 1:00:06]} 14...Ne4 {[%clk 1:00:42]} 15.Rac1 {[%clk
0:41:25]} 15...Rcd8 {[%clk 0:40:36]} 16.b4 {[%clk 0:30:04]} 16...Ba6 {[%clk
0:36:51]} 17.b5 {[%clk 0:28:24]} 17...Bb7 {[%clk 0:36:18]} 18.a4 {[%clk
0:26:50]} 18...a5 {[%clk 0:36:16]} 19.cxd5 {[%clk 0:25:02]} 19...exd5 {[%clk
0:35:18]} 20.Nxd7 {[%clk 0:25:25]} 20...Qxd7 {[%clk 0:35:19]} 21.dxc5 {[%clk
0:25:23]} 21...bxc5 {[%clk 0:34:45]} 22.Nd2 {[%clk 0:23:35]} 22...Nxd2 {[%clk
0:34:28]} 23.Qxd2 {[%clk 0:23:42]} 23...Qc7 {[%clk 0:28:00]} 24.Bc3 {[%clk
0:22:12]} 24...d4 {[%clk 0:26:21]} 25.exd4 {[%clk 0:16:50]} 25...Bxg2 {[%clk
0:25:38]} 26.Kxg2 {[%clk 0:17:10]} 26...cxd4 {[%clk 0:25:22]} 27.Bxd4 {[%clk
0:15:14]} 27...Qb7+ {[%clk 0:25:23]} 28.Kg1 {[%clk 0:15:38]} 28...Be5 {[%clk
0:24:04]} 29.Qb2 {[%clk 0:15:30]} 29...Rxd4 {[%clk 0:23:29]} 30.Rxd4 {[%clk
0:15:34]} 30...h6 {[%clk 0:21:37]} 31.Qd2 {[%clk 0:14:04]} 31...Bxd4 {[%clk
0:21:48]} 32.Qxd4 {[%clk 0:14:32]} 32...Re4 {[%clk 0:21:04]} 33.Qd8+ {[%clk
0:14:15]} 33...Kh7 {[%clk 0:21:26]} 34.Qd3 {[%clk 0:14:17]} 34...g6 {[%clk
0:21:46]} 35.Qc2 {[%clk 0:13:05]} 35...Qe7 {[%clk 0:21:15]} 36.b6 {[%clk
0:11:42]} 36...Re1+ {[%clk 0:16:46]} 37.Rxe1 {[%clk 0:11:30]} 37...Qxe1+ {[%clk
0:17:10]} 38.Kg2 {[%clk 0:11:55]} 38...Qb4 {[%clk 0:14:03]} 39.Qc6 {[%clk
0:12:00]} 39...Kg7 {[%clk 0:14:01]} 40.b7 {[%clk 0:12:19]} 40...g5 {[%clk
0:14:10]} 41.h3 {[%clk 0:11:29]} 41...Kh7 {[%clk 0:12:45]} 42.Kh2 {[%clk
0:11:14]} 42...Qb2 {[%clk 0:12:52]} 43.Kg2 {[%clk 0:08:59]} 43...Qb4 {[%clk
0:13:13]} 44.Qb5 {[%clk 0:05:01]} 44...Qe4+ {[%clk 0:13:21]} 45.Kh2 {[%clk
0:04:59]} 45...Qf3 {[%clk 0:13:28]} 46.Qb1+ {[%clk 0:04:50]} 46...f5 {[%clk
0:13:15]} 47.Kg1 {[%clk 0:05:09]} 47...g4 {[%clk 0:13:09]} 48.b8=Q {[%clk
0:05:17]} 48...gxh3 {[%clk 0:13:28]} 49.Q8b7+ {[%clk 0:05:42]} 49...Qxb7 {[%clk
0:13:44]} 50.Qxb7+ 1-0

[Event "Najdorf Memorial B"]
[Site "Warsaw POL"]
[Date "2021.07.12"]
[Round "3.19"]
[White "Krygiel, Konrad"]
[Black "Szymkiewicz, Witold"]
[Result "0-1"]
[WhiteElo "1694"]
[BlackElo "1413"]
[EventDate "2021.07.10"]
[PlyCount "120"]
[BlackTitle "II+"]
[WhiteTitle "I"]

1.e4 e6 2.d4 d5 3.e5 c5 4.Nf3 Nc6 5.Bd3 cxd4 6.O-O Qb6 7.Nbd2 Bd7 8.Re1 Nge7 
9.Nb3 a5 10.a4 Rc8 11.Bb5 h6 12.Bf4 g5 13.Bg3 Nf5 14.Qd2 Bb4 15.c3 dxc3 16.bxc3 
Bc5 17.Nxc5 Qxc5 18.Rab1 Rc7 19.Nd4 Nfxd4 20.cxd4 Qxd4 21.Qc2 h5 22.Rbd1 Qb6 
23.h4 Nb4 24.Bxd7+ Kxd7 25.Qd2 Rg8 26.hxg5 Rc4 27.Qe2 Rg4 28.Qf3 Rg7 29.Re3 
R4xg5 30.Bh4 Rxg2+ 31.Qxg2 Rxg2+ 32.Kxg2 Qc6 33.Rf3 Ke8 34.Kh2 Qxa4 35.Rg1 Kf8 
36.Rfg3 Ke8 37.Rf3 Kd7 38.Rxf7+ Kc6 39.Rc1+ Kb6 40.Bd8+ Ka6 41.Rc8 Nc6 42.Ra8+ 
Na7 43.Rb8 Nc6 44.Ra8+ Kb5 45.Rxb7+ Kc4 46.Rc8 Kd3 47.Rbc7 Nxd8 48.Rc3+ Kd2 
49.Re3 Qf4+ 50.Kg2 d4 51.Rf3 Qg4+ 52.Rg3 Qe4+ 53.f3 Qe2+ 54.Kh3 Qf1+ 55.Kh2 Nf7 
56.Rb8 Nxe5 57.Rb2+ Kc3 58.Ra2 Kb3 59.Rag2 Nxf3+ 60.Kh3 Qh1+ 0-1

[Event "Najdorf Memorial B"]
[Site "Warsaw POL"]
[Date "2021.07.12"]
[Round "3.20"]
[White "Kopaniewski, Wojciech"]
[Black "Trybula, Agata"]
[Result "1/2-1/2"]
[WhiteElo "1389"]
[BlackElo "1634"]
[EventDate "2021.07.10"]
[PlyCount "82"]
[BlackTitle "I++"]
[WhiteTitle "II+"]

1.e4 d6 2.d4 Nf6 3.Nc3 Nbd7 4.Nf3 e5 5.Bc4 Be7 6.O-O O-O 7.Re1 c6 8.a4 a5 9.h3 
h6 10.Be3 exd4 11.Bxd4 Nc5 12.Bxc5 dxc5 13.e5 Qxd1 14.Raxd1 Ne8 15.e6 Bxe6 
16.Bxe6 fxe6 17.Rd7 Bf6 18.Ne4 Rf7 19.Red1 b5 20.Rxf7 Kxf7 21.Rd7+ Kg6 22.b3 c4 
23.Nc5 cxb3 24.cxb3 e5 25.g4 h5 26.Ne4 hxg4 27.hxg4 bxa4 28.bxa4 Rc8 29.Ra7 c5 
30.Rxa5 c4 31.Nxe5+ Kh7 32.g5 Be7 33.Ra7 Bb4 34.Rb7 Ba3 35.Nc3 Nd6 36.Rb1 Bc5 
37.Nf3 Kg6 38.Nd5 Ne4 39.Rb2 Nxg5 40.Ne5+ Kh5 41.Rc2 Ne4 1/2-1/2

[Event "Najdorf Memorial B"]
[Site "Warsaw POL"]
[Date "2021.07.12"]
[Round "3.21"]
[White "Kopaniewski, Jakub"]
[Black "Wolszczak, Natalia"]
[Result "1-0"]
[WhiteElo "1634"]
[BlackElo "1313"]
[EventDate "2021.07.10"]
[PlyCount "55"]
[BlackTitle "I"]
[WhiteTitle "II+"]

1.e4 c6 2.Ne2 d5 3.e5 Bf5 4.Ng3 Bg6 5.h4 h6 6.h5 Bh7 7.e6 fxe6 8.d4 Qc7 9.Bd3 
Bxd3 10.Qxd3 Nf6 11.O-O e5 12.Qg6+ Kd8 13.Nf5 exd4 14.Re1 e5 15.Nxh6 Kc8 16.Bg5 
Nbd7 17.Ng4 b6 18.h6 Nxg4 19.hxg7 Rg8 20.gxf8=Q+ Rxf8 21.Be7 Rxf2 22.Qxg4 Rxc2 
23.b4 Kb7 24.Na3 Rc3 25.b5 c5 26.Qe6 Rh8 27.Bd6 Qd8 28.Qxd5+ 1-0

[Event "Najdorf Memorial B"]
[Site "Warsaw POL"]
[Date "2021.07.12"]
[Round "3.22"]
[White "Rytel, Jan"]
[Black "Wieckowski, Michal"]
[Result "0-1"]
[WhiteElo "1350"]
[BlackElo "1614"]
[EventDate "2021.07.10"]
[PlyCount "62"]
[BlackTitle "I"]
[WhiteTitle "III"]

1.d4 f5 2.c4 Nf6 3.Nf3 g6 4.Nc3 Bg7 5.e3 O-O 6.g3 d6 7.Bg2 Qe8 8.O-O c6 9.Rb1 
e5 10.b4 h6 11.Qb3 g5 12.Rd1 e4 13.Ne1 Nbd7 14.a4 h5 15.Bh3 Qg6 16.b5 c5 
17.dxc5 dxc5 18.Nd5 Nxd5 19.cxd5 b6 20.Nc2 Bb7 21.Bf1 h4 22.Bc4 hxg3 23.d6+ Kh7 
24.hxg3 Qh5 25.Be2 Qxe2 26.Qe6 Ne5 27.Ne1 Ng4 28.Ng2 Qxf2+ 29.Kh1 Qxg3 30.Kg1 
Qh2+ 31.Kf1 Qh1+ 0-1

[Event "Najdorf Memorial B"]
[Site "Warsaw POL"]
[Date "2021.07.12"]
[Round "3.23"]
[White "Wilgosz, Jan"]
[Black "Zawal, Krzysztof"]
[Result "1-0"]
[WhiteElo "1561"]
[BlackElo "1299"]
[EventDate "2021.07.10"]
[PlyCount "65"]
[BlackTitle "II+"]
[WhiteTitle "II+"]

1.e4 c5 2.Nc3 d6 3.f4 g6 4.Nf3 Bg7 5.Bb5+ Bd7 6.Bc4 Nf6 7.d3 O-O 8.O-O Nc6 
9.Qe1 e6 10.Qh4 Na5 11.f5 Nxc4 12.dxc4 exf5 13.Bg5 h6 14.Bxh6 Bxh6 15.Qxh6 Ng4 
16.Qf4 Nf6 17.exf5 Bxf5 18.Nh4 Nh5 19.Qf2 Bxc2 20.Qxc2 Qxh4 21.Nd5 Rae8 22.Qc3 
Re2 23.Rae1 Rfe8 24.Rxe2 Rxe2 25.Qf3 Qd4+ 26.Kh1 Rxb2 27.Qxf7+ Kh8 28.Qf8+ Kh7 
29.Rf7+ Ng7 30.Nf6+ Kh6 31.Qxg7+ Kg5 32.Nh7+ Kh5 33.Rf5+ 1-0

[Event "Najdorf Memorial B"]
[Site "Warsaw POL"]
[Date "2021.07.12"]
[Round "3.24"]
[White "Stefaniuk, Zbigniew"]
[Black "Frankowski, Maciej"]
[Result "1/2-1/2"]
[WhiteElo "1525"]
[BlackElo "1266"]
[EventDate "2021.07.10"]
[PlyCount "71"]
[BlackTitle "II"]
[WhiteTitle "II+"]

1.e4 e5 2.Nf3 Nc6 3.Bb5 a6 4.Bxc6 dxc6 5.O-O Bd6 6.d4 Bg4 7.dxe5 Bxf3 8.Qxf3 
Bxe5 9.Nd2 Qe7 10.Nc4 Nf6 11.Nxe5 Qxe5 12.Bf4 Qe7 13.Rad1 O-O 14.Bg5 Qxe4 
15.Qxe4 Nxe4 16.Bf4 Nf6 17.Bxc7 Nd5 18.Bg3 Rfe8 19.c4 Nf6 20.Rfe1 Rad8 21.Kf1 
h6 22.Rxd8 Rxd8 23.Re7 b5 24.c5 Rd1+ 25.Ke2 Rc1 26.Bd6 Nd5 27.Ra7 Rc2+ 28.Kf3 
Rxb2 29.Rxa6 b4 30.Rxc6 Rxa2 31.Rc8+ Kh7 32.c6 f5 33.c7 Rc2 34.Rb8 Nxc7 35.Bxc7 
Rxc7 36.Rxb4 1/2-1/2

[Event "Najdorf Memorial B"]
[Site "Warsaw POL"]
[Date "2021.07.12"]
[Round "3.25"]
[White "Ptaszynski, Szymon"]
[Black "Chrostowski, Kacper"]
[Result "1-0"]
[WhiteElo "1516"]
[BlackElo "1217"]
[EventDate "2021.07.10"]
[PlyCount "81"]
[BlackTitle "II"]
[WhiteTitle "II+"]

1.e4 e5 2.Nf3 Nc6 3.Bc4 Bc5 4.c3 Nf6 5.d4 exd4 6.e5 d5 7.Bb5 Ne4 8.cxd4 Bb4+ 
9.Bd2 Nxd2 10.Nbxd2 Bd7 11.Qb3 a6 12.Bxc6 Bxd2+ 13.Nxd2 Bxc6 14.Qg3 O-O 15.f4 
Qd7 16.O-O Qf5 17.Rac1 Bb5 18.Rfe1 Rac8 19.Rc3 a5 20.Qf3 h5 21.h3 Bd7 22.Nf1 
Qg6 23.Ne3 c6 24.f5 Qg5 25.g4 g6 26.Kf2 Kh7 27.Ke2 c5 28.Rd1 Bb5+ 29.Kf2 cxd4 
30.Rxd4 Rxc3 31.bxc3 Rc8 32.fxg6+ Qxg6 33.gxh5 Qe6 34.Ng4 Bc6 35.Nf6+ Kg7 
36.Ng4 Rg8 37.h6+ Kf8 38.Qf6 Qxf6+ 39.Nxf6 Rh8 40.h7 Bb5 41.Rg4 1-0

[Event "Najdorf Memorial B"]
[Site "Warsaw POL"]
[Date "2021.07.13"]
[Round "4.1"]
[White "Rejniak, Zuzanna"]
[Black "Babijczuk, Wojciech"]
[Result "1-0"]
[WhiteElo "1768"]
[BlackElo "1493"]
[EventDate "2021.07.10"]
[PlyCount "59"]
[LiveChessVersion "1.4.8"]

1.e4 {[%clk 1:30:57]} 1...c5 {[%clk 1:30:55]} 2.Nf3 {[%clk 1:30:36]} 2...d6 
{[%clk 1:31:17]} 3.d4 {[%clk 1:30:25]} 3...cxd4 {[%clk 1:31:41]} 4.Nxd4 {[%clk
1:30:52]} 4...g6 {[%clk 1:31:49]} 5.Nc3 {[%clk 1:26:19]} 5...a6 {[%clk 1:32:03]} 
6.Be3 {[%clk 1:21:03]} 6...Bg7 {[%clk 1:32:20]} 7.Qd2 {[%clk 1:19:50]} 7...Nf6 
{[%clk 1:32:44]} 8.f3 {[%clk 1:16:38]} 8...Bd7 {[%clk 1:30:24]} 9.O-O-O {[%clk
1:15:05]} 9...Nc6 {[%clk 1:30:43]} 10.g4 {[%clk 1:09:49]} 10...Rc8 {[%clk
1:30:49]} 11.Kb1 {[%clk 1:01:08]} 11...b5 {[%clk 1:31:12]} 12.h4 {[%clk
0:54:16]} 12...b4 {[%clk 1:30:11]} 13.Nce2 {[%clk 0:53:33]} 13...a5 {[%clk
1:30:37]} 14.Nxc6 {[%clk 0:51:53]} 14...Bxc6 {[%clk 1:29:46]} 15.Nd4 {[%clk
0:51:17]} 15...Qc7 {[%clk 1:29:56]} 16.h5 {[%clk 0:49:07]} 16...gxh5 {[%clk
1:20:13]} 17.gxh5 {[%clk 0:48:26]} 17...Rg8 {[%clk 1:13:46]} 18.Nf5 {[%clk
0:42:59]} 18...Bf8 {[%clk 1:13:58]} 19.Ba6 {[%clk 0:32:04]} 19...Rb8 {[%clk
1:12:06]} 20.h6 {[%clk 0:28:34]} 20...a4 {[%clk 1:11:25]} 21.Rhg1 {[%clk
0:23:57]} 21...Rg6 {[%clk 1:11:36]} 22.Rxg6 {[%clk 0:22:08]} 22...fxg6 {[%clk
1:11:55]} 23.Ng7+ {[%clk 0:21:42]} 23...Bxg7 {[%clk 1:08:09]} 24.hxg7 {[%clk
0:20:46]} 24...Bb5 {[%clk 1:08:24]} 25.Bxb5+ {[%clk 0:19:23]} 25...Rxb5 {[%clk
1:08:46]} 26.Qd3 {[%clk 0:12:06]} 26...Qc6 {[%clk 1:09:05]} 27.e5 {[%clk
0:11:50]} 27...Ng8 {[%clk 0:56:33]} 28.exd6 {[%clk 0:11:41]} 28...exd6 {[%clk
0:56:50]} 29.Rh1 {[%clk 0:09:28]} 29...Qxf3 {[%clk 0:55:45]} 30.Qxb5+ {[%clk
0:09:42]} 1-0

[Event "Najdorf Memorial B"]
[Site "Warsaw POL"]
[Date "2021.07.13"]
[Round "4.2"]
[White "Kaluza, Maksymilian"]
[Black "Panczuk, Grzegorz"]
[Result "1/2-1/2"]
[WhiteElo "1446"]
[BlackElo "1721"]
[EventDate "2021.07.10"]
[PlyCount "148"]
[LiveChessVersion "1.4.8"]

1.e4 {[%clk 1:30:57]} 1...e6 {[%clk 1:26:06]} 2.d3 {[%clk 1:31:19]} 2...d5 
{[%clk 1:26:29]} 3.Nd2 {[%clk 1:31:41]} 3...Nf6 {[%clk 1:26:23]} 4.Ngf3 {[%clk
1:32:02]} 4...c5 {[%clk 1:26:23]} 5.g3 {[%clk 1:32:18]} 5...Nc6 {[%clk 1:26:38]} 
6.Bg2 {[%clk 1:32:36]} 6...Be7 {[%clk 1:25:31]} 7.O-O {[%clk 1:32:48]} 7...O-O 
{[%clk 1:23:27]} 8.Re1 {[%clk 1:32:00]} 8...a5 {[%clk 1:08:28]} 9.a4 {[%clk
1:02:50]} 9...b6 {[%clk 0:51:40]} 10.e5 {[%clk 0:59:54]} 10...Nd7 {[%clk
0:50:56]} 11.Nf1 {[%clk 0:59:25]} 11...Ba6 {[%clk 0:41:41]} 12.h4 {[%clk
0:56:45]} 12...Rc8 {[%clk 0:40:03]} 13.N1h2 {[%clk 0:54:48]} 13...Nb4 {[%clk
0:36:33]} 14.Bh3 {[%clk 0:36:19]} 14...d4 {[%clk 0:32:44]} 15.b3 {[%clk
0:35:18]} 15...b5 {[%clk 0:29:16]} 16.Ng5 {[%clk 0:31:00]} 16...Qb6 {[%clk
0:23:07]} 17.Qh5 {[%clk 0:19:59]} 17...h6 {[%clk 0:15:59]} 18.Nxe6 {[%clk
0:18:59]} 18...fxe6 {[%clk 0:14:10]} 19.Bxh6 {[%clk 0:16:16]} 19...Rf7 {[%clk
0:11:58]} 20.Ng4 {[%clk 0:10:47]} 20...Bb7 {[%clk 0:08:51]} 21.Bg5 {[%clk
0:05:30]} 21...Nf8 {[%clk 0:04:05]} 22.Bxe7 {[%clk 0:02:43]} 22...Rxe7 {[%clk
0:02:11]} 23.Nf6+ {[%clk 0:03:11]} 23...gxf6 {[%clk 0:02:16]} 24.exf6 {[%clk
0:03:40]} 24...Rh7 {[%clk 0:01:41]} 25.Qg5+ {[%clk 0:03:38]} 25...Kf7 {[%clk
0:01:28]} 26.h5 {[%clk 0:03:45]} 26...Qc6 {[%clk 0:01:17]} 27.Re4 {[%clk
0:03:22]} 27...e5 {[%clk 0:00:55]} 28.Bxc8 {[%clk 0:00:40]} 28...Bxc8 {[%clk
0:01:15]} 29.Rxe5 {[%clk 0:00:45]} 29...Qxf6 {[%clk 0:00:33]} 30.Qxf6+ {[%clk
0:00:53]} 30...Kxf6 {[%clk 0:01:01]} 31.Re8 {[%clk 0:00:49]} 31...Nxc2 {[%clk
0:00:31]} 32.Rc1 {[%clk 0:00:57]} 32...Kf7 33.Rxc8 {[%clk 0:01:06]} 33...Nb4 
{[%clk 0:01:16]} 34.R1xc5 {[%clk 0:01:06]} 34...Ne6 {[%clk 0:01:12]} 35.R5c7+ 
{[%clk 0:00:40]} 35...Nxc7 {[%clk 0:01:26]} 36.Rxc7+ {[%clk 0:01:07]} 36...Kg8 
{[%clk 0:01:49]} 37.Rxh7 {[%clk 0:00:51]} 37...Kxh7 {[%clk 0:02:15]} 38.axb5 
{[%clk 0:01:17]} 38...Nxd3 {[%clk 0:02:39]} 39.b6 {[%clk 0:01:12]} 39...Nc5 
{[%clk 0:02:56]} 40.Kf1 {[%clk 0:01:33]} 40...d3 {[%clk 0:00:47]} 41.Ke1 {[%clk
0:01:38]} 41...d2+ {[%clk 0:00:52]} 42.Kd1 {[%clk 0:01:27]} 42...Kh6 {[%clk
0:01:07]} 43.g4 {[%clk 0:01:50]} 43...Kg5 {[%clk 0:01:24]} 44.f4+ {[%clk
0:01:11]} 44...Kxf4 {[%clk 0:01:47]} 45.h6 {[%clk 0:00:48]} 45...Ke3 {[%clk
0:02:12]} 46.h7 {[%clk 0:00:35]} 46...Ne4 {[%clk 0:02:34]} 47.h8=Q Nf2+ {[%clk
0:02:58]} 48.Kc2 {[%clk 0:01:01]} 48...d1=Q+ 49.Kb2 {[%clk 0:00:32]} 49...Nd3+ 
{[%clk 0:03:32]} 50.Ka2 {[%clk 0:00:38]} 50...Qc2+ {[%clk 0:01:09]} 51.Ka3 
{[%clk 0:00:43]} 51...Qc5+ {[%clk 0:01:25]} 52.Ka2 {[%clk 0:00:52]} 52...Nb4+ 
{[%clk 0:01:11]} 53.Ka3 {[%clk 0:01:02]} 53...Nd5+ {[%clk 0:00:39]} 54.Kb2 
{[%clk 0:01:13]} 54...Kd3 {[%clk 0:00:35]} 55.Qh7+ {[%clk 0:01:18]} 55...Kd2 
{[%clk 0:00:41]} 56.Qh2+ {[%clk 0:01:36]} 56...Kd3 {[%clk 0:00:44]} 57.Qh7+ 
{[%clk 0:01:08]} 57...Kd2 {[%clk 0:01:07]} 58.Qh2+ {[%clk 0:01:15]} 58...Kd3 
{[%clk 0:01:20]} 59.Qh3+ {[%clk 0:01:19]} 59...Kd2 {[%clk 0:01:32]} 60.Qg2+ 
{[%clk 0:01:29]} 60...Kd3 {[%clk 0:01:38]} 61.Qf1+ {[%clk 0:01:37]} 61...Kd4 
{[%clk 0:00:51]} 62.Qf2+ {[%clk 0:01:06]} 62...Ne3 {[%clk 0:01:14]} 63.Qd2+ 
{[%clk 0:01:02]} 63...Ke4 {[%clk 0:01:27]} 64.b7 {[%clk 0:01:06]} 64...Qe5+ 
{[%clk 0:01:39]} 65.Ka2 {[%clk 0:01:13]} 65...Qc7 {[%clk 0:01:01]} 66.Kb2 
{[%clk 0:00:38]} 66...Qxb7 {[%clk 0:00:45]} 67.Ka2 {[%clk 0:00:41]} 67...Qb4 
{[%clk 0:00:37]} 68.Qb2 {[%clk 0:00:44]} 68...Nxg4 {[%clk 0:00:45]} 69.Qc2+ 
{[%clk 0:00:48]} 69...Ke3 {[%clk 0:00:42]} 70.Qc1+ {[%clk 0:00:59]} 70...Qd2+ 
{[%clk 0:00:34]} 71.Qxd2+ {[%clk 0:01:22]} 71...Kxd2 {[%clk 0:01:01]} 72.Ka3 
{[%clk 0:01:29]} 72...Ne5 {[%clk 0:01:27]} 73.b4 {[%clk 0:01:27]} 73...Nc4+ 
{[%clk 0:00:40]} 74.Ka4 {[%clk 0:01:48]} 74...axb4 {[%clk 0:01:06]} 1/2-1/2

[Event "Najdorf Memorial B"]
[Site "Warsaw POL"]
[Date "2021.07.13"]
[Round "4.3"]
[White "Malowidzki, Maciej"]
[Black "Mrozinski, Mateusz"]
[Result "1-0"]
[WhiteElo "1415"]
[BlackElo "1623"]
[EventDate "2021.07.10"]
[PlyCount "85"]
[LiveChessVersion "1.4.8"]

1.c4 {[%clk 1:30:59]} 1...e5 {[%clk 1:30:52]} 2.g3 {[%clk 1:31:25]} 2...Nc6 
{[%clk 1:30:56]} 3.Bg2 {[%clk 1:31:47]} 3...g6 {[%clk 1:30:58]} 4.e3 {[%clk
1:32:01]} 4...Bg7 {[%clk 1:31:07]} 5.Ne2 {[%clk 1:32:27]} 5...d6 {[%clk
1:30:17]} 6.Nbc3 {[%clk 1:32:28]} 6...f5 {[%clk 1:28:47]} 7.O-O {[%clk 1:32:16]} 
7...Nf6 {[%clk 1:28:16]} 8.d3 {[%clk 1:26:47]} 8...O-O {[%clk 1:27:17]} 9.Nd5 
{[%clk 1:26:23]} 9...Ne7 {[%clk 1:24:19]} 10.Nxf6+ {[%clk 1:25:42]} 10...Bxf6 
{[%clk 1:24:27]} 11.Nc3 {[%clk 1:20:33]} 11...c6 {[%clk 1:24:33]} 12.d4 {[%clk
1:16:46]} 12...Be6 {[%clk 1:20:41]} 13.d5 {[%clk 1:15:48]} 13...Bf7 {[%clk
1:19:52]} 14.e4 {[%clk 1:13:48]} 14...c5 {[%clk 1:17:22]} 15.Qd3 {[%clk
1:09:35]} 15...Bg7 {[%clk 1:15:17]} 16.a3 {[%clk 1:02:37]} 16...fxe4 {[%clk
1:11:05]} 17.Nxe4 {[%clk 0:59:15]} 17...a5 {[%clk 1:03:56]} 18.Bd2 {[%clk
0:57:48]} 18...a4 {[%clk 1:00:20]} 19.b4 {[%clk 0:57:13]} 19...axb3 {[%clk
0:59:55]} 20.Rfb1 {[%clk 0:56:31]} 20...b5 {[%clk 0:52:55]} 21.Nc3 {[%clk
0:53:45]} 21...b4 {[%clk 0:49:09]} 22.axb4 {[%clk 0:52:15]} 22...Rxa1 {[%clk
0:48:17]} 23.Rxa1 {[%clk 0:52:41]} 23...e4 {[%clk 0:46:43]} 24.Qb1 {[%clk
0:52:17]} 24...cxb4 {[%clk 0:43:35]} 25.Nxe4 {[%clk 0:52:00]} 25...Bxd5 {[%clk
0:36:34]} 26.cxd5 {[%clk 0:49:17]} 26...Bxa1 {[%clk 0:36:37]} 27.Qxa1 {[%clk
0:49:22]} 27...Qa8 {[%clk 0:30:18]} 28.Qd4 {[%clk 0:40:28]} 28...Nf5 {[%clk
0:29:48]} 29.Qxb4 {[%clk 0:40:45]} 29...Qa1+ {[%clk 0:25:07]} 30.Bf1 {[%clk
0:40:51]} 30...Nd4 {[%clk 0:23:49]} 31.Kg2 {[%clk 0:38:24]} 31...b2 {[%clk
0:17:09]} 32.Nc3 {[%clk 0:32:02]} 32...Nf3 {[%clk 0:16:16]} 33.Bh6 {[%clk
0:26:58]} 33...Ne1+ {[%clk 0:10:20]} 34.Kh3 {[%clk 0:24:22]} 34...Nc2 {[%clk
0:08:39]} 35.Qb5 {[%clk 0:22:28]} 35...Nd4 {[%clk 0:08:03]} 36.Qc4 {[%clk
0:12:56]} 36...Rb8 {[%clk 0:05:30]} 37.Qc7 {[%clk 0:10:15]} 37...Qxf1+ {[%clk
0:03:52]} 38.Kg4 {[%clk 0:10:40]} 38...Ne6 {[%clk 0:03:36]} 39.Qxb8+ {[%clk
0:10:51]} 39...Kf7 {[%clk 0:03:19]} 40.dxe6+ Kf6 {[%clk 0:03:06]} 41.Qd8+ 
{[%clk 0:10:34]} 41...Ke5 {[%clk 0:03:17]} 42.Bg7+ {[%clk 0:11:02]} 42...Kxe6 
{[%clk 0:03:14]} 43.Qe8# {[%clk 0:11:27]} 1-0

[Event "Najdorf Memorial B"]
[Site "Warsaw POL"]
[Date "2021.07.13"]
[Round "4.4"]
[White "Olszewski, Antoni"]
[Black "Kwiecinski, Rafal"]
[Result "1/2-1/2"]
[WhiteElo "1410"]
[BlackElo "1538"]
[EventDate "2021.07.10"]
[PlyCount "129"]
[LiveChessVersion "1.4.8"]

1.e4 {[%clk 1:30:58]} 1...c5 {[%clk 1:21:37]} 2.Nf3 {[%clk 1:31:20]} 2...d6 
{[%clk 1:21:39]} 3.d4 {[%clk 1:31:34]} 3...cxd4 {[%clk 1:22:05]} 4.Qxd4 {[%clk
1:31:54]} 4...e5 {[%clk 1:19:47]} 5.Qd1 {[%clk 1:31:03]} 5...Nc6 {[%clk
1:17:50]} 6.Nc3 {[%clk 1:29:01]} 6...Nf6 {[%clk 1:17:00]} 7.Bg5 {[%clk 1:28:33]} 
7...Be7 {[%clk 1:17:12]} 8.Bxf6 {[%clk 1:28:38]} 8...Bxf6 {[%clk 1:17:28]} 
9.Nd5 {[%clk 1:28:36]} 9...O-O {[%clk 1:17:42]} 10.Bc4 {[%clk 1:25:33]} 
10...Be6 {[%clk 1:13:34]} 11.O-O {[%clk 1:24:21]} 11...Bxd5 {[%clk 1:09:16]} 
12.Bxd5 {[%clk 1:24:09]} 12...Qc7 {[%clk 1:09:25]} 13.c3 {[%clk 1:22:55]} 
13...Ne7 {[%clk 1:07:07]} 14.Qd3 {[%clk 1:21:43]} 14...Nxd5 {[%clk 1:06:20]} 
15.Qxd5 {[%clk 1:22:06]} 15...Qc6 {[%clk 1:05:54]} 16.Rfd1 {[%clk 1:21:42]} 
16...Rad8 {[%clk 1:05:49]} 17.Ne1 {[%clk 1:19:48]} 17...Qb6 {[%clk 1:02:40]} 
18.b3 {[%clk 1:16:20]} 18...Rfe8 {[%clk 1:02:31]} 19.Nc2 {[%clk 1:14:09]} 
19...Re6 {[%clk 0:54:48]} 20.Ne3 {[%clk 1:11:41]} 20...Be7 {[%clk 0:51:10]} 
21.Nf5 {[%clk 1:09:08]} 21...Bf8 {[%clk 0:51:19]} 22.Rd2 {[%clk 1:08:38]} 
22...g6 {[%clk 0:43:35]} 23.Ne3 {[%clk 1:05:33]} 23...Qa6 {[%clk 0:37:12]} 
24.Qd3 {[%clk 1:01:48]} 24...Qc6 {[%clk 0:34:37]} 25.Nd5 {[%clk 0:58:41]} 
25...Bh6 {[%clk 0:29:46]} 26.Rc2 {[%clk 0:56:47]} 26...Rf8 {[%clk 0:30:00]} 
27.Qh3 {[%clk 0:56:24]} 27...Kg7 {[%clk 0:30:03]} 28.g4 {[%clk 0:52:11]} 
28...Bf4 {[%clk 0:29:23]} 29.Qd3 {[%clk 0:48:07]} 29...h5 {[%clk 0:27:40]} 
30.h3 {[%clk 0:46:03]} 30...hxg4 {[%clk 0:27:57]} 31.hxg4 {[%clk 0:46:05]} 
31...Rh8 {[%clk 0:28:01]} 32.Nxf4 {[%clk 0:45:09]} 32...exf4 {[%clk 0:28:19]} 
33.f3 {[%clk 0:44:40]} 33...Rh3 {[%clk 0:25:43]} 34.Kg2 {[%clk 0:44:16]} 
34...Rg3+ {[%clk 0:25:55]} 35.Kf2 {[%clk 0:44:40]} 35...Re5 {[%clk 0:24:08]} 
36.Rg1 {[%clk 0:44:05]} 36...Rh3 {[%clk 0:22:43]} 37.Qd2 {[%clk 0:41:16]} 
37...g5 {[%clk 0:21:13]} 38.Kg2 {[%clk 0:38:48]} 38...Rh4 {[%clk 0:16:48]} 
39.Rh1 {[%clk 0:38:01]} 39...Rxh1 {[%clk 0:16:41]} 40.Kxh1 {[%clk 0:38:23]} 
40...b6 {[%clk 0:12:32]} 41.Qd4 {[%clk 0:37:37]} 41...Kg8 {[%clk 0:09:35]} 
42.Rd2 {[%clk 0:36:53]} 42...Re6 {[%clk 0:08:36]} 43.c4 {[%clk 0:35:06]} 
43...f6 {[%clk 0:06:12]} 44.Qd5 {[%clk 0:34:44]} 44...Qxd5 {[%clk 0:06:20]} 
45.Rxd5 {[%clk 0:33:43]} 45...Kf7 {[%clk 0:06:28]} 46.Kg2 {[%clk 0:33:43]} 
46...Ke7 {[%clk 0:06:40]} 47.Kf2 {[%clk 0:34:06]} 47...Kd7 {[%clk 0:06:28]} 
48.Ke2 {[%clk 0:34:33]} 48...Re7 {[%clk 0:06:28]} 49.Kd2 {[%clk 0:34:58]} 
49...Rh7 {[%clk 0:06:35]} 50.Kc3 {[%clk 0:35:24]} 50...Rh2 {[%clk 0:06:23]} 
51.a4 {[%clk 0:35:41]} 51...Rf2 {[%clk 0:06:41]} 52.Rd3 {[%clk 0:36:05]} 
52...a6 {[%clk 0:06:43]} 53.Kb4 {[%clk 0:34:50]} 53...a5+ {[%clk 0:06:07]} 
54.Kc3 {[%clk 0:32:21]} 54...Kc6 {[%clk 0:06:16]} 55.Kd4 {[%clk 0:31:49]} 
55...Rc2 {[%clk 0:05:10]} 56.Rd1 {[%clk 0:24:40]} 56...Rf2 {[%clk 0:04:57]} 
57.Rd3 {[%clk 0:21:18]} 57...Rf1 {[%clk 0:04:44]} 58.Kc3 {[%clk 0:19:37]} 
58...Re1 {[%clk 0:04:01]} 59.Kd2 {[%clk 0:16:59]} 59...Rb1 {[%clk 0:03:15]} 
60.Kc2 {[%clk 0:16:17]} 60...Ra1 {[%clk 0:03:16]} 61.Kb2 {[%clk 0:15:36]} 
61...Re1 {[%clk 0:03:34]} 62.Kc3 {[%clk 0:15:26]} 62...Re3 {[%clk 0:03:24]} 
63.Kd4 {[%clk 0:11:41]} 63...Re2 {[%clk 0:02:29]} 64.Kc3 {[%clk 0:11:35]} 
64...Kc5 {[%clk 0:02:22]} 65.Rd5+ {[%clk 0:11:44]} 1/2-1/2